000 00517nam a2200217Ia 4500
003 OSt
005 20220928151524.0
006 a|||||r|||| 00| 0
007 ta
008 220927b |||||||| |||| 00| 0 eng d
024 _a125978
037 _cTextual
040 _aSDCL
_cSDCL
_beng
041 _2eng
_aeng
082 _aB316, K5
100 _aKowalsky H J
_9517548
245 0 _aTopological spaces.
260 _c1965
942 _hB316, K5
_cTEXL
_2CC
999 _c851706
_d851706